000 00281nam a22001337a 4500
008 181004b xxu||||| |||| 00| 0 eng d
020 _a9780470072776
041 _aeng
080 _a370
100 _a47
101 _aEDU
245 _aThe Noble Lie
_cGary.g
942 _2udc
_cBK
999 _c48854
_d48854